العودة إلى الذات / (Record no. 16689)
[ view plain ]
| 000 -الفاتح | |
|---|---|
| حقل البيانات ثابتة الطول | 00812nam a22001937a 4500 |
| 008 - عناصر البيانات ثابتة الطول - معلومات عامة | |
| حقل البيانات ثابتة الطول | 120423s1986 ua|||||r|||| 000 0 ara d |
| 020 ## - الرقم الدولى المعيارى للكتب | |
| الرقم الدولى المعيارى للكتاب | 9771470067 |
| 082 ## - رقم تصنيف ديوى العشرى | |
| رقم التصنيف | 320.5 |
| رقم المادة | ش ر ي |
| 100 ## - المدخل الرئيسى - إسم شخصى | |
| 9 (RLIN) | 29726 |
| الإسم الشخصى | شريعتي ، علي |
| 245 ## - بيان العنوان | |
| العنوان | العودة إلى الذات / |
| بيان المسئوليه,etc | علي شريعتي ؛ ترجمة ابراهيم الدسوقي شتا |
| 260 ## - PUBLICATION, DISTRIBUTION, ETC. (IMPRINT) | |
| مكان الناشر او الموزع | القاهرة : |
| اسم الناشر او الموزع | الزهراء ، |
| تاريخ النشر أو التوزيع | 1986 |
| 300 ## - الوصف المادى | |
| التعداد | 367 ص ؛ |
| أبعاد الوعاء | 22 سم |
| 650 ## - المدخل الاضافى بالموضوع-مصطلح موضوعى | |
| 9 (RLIN) | 17079 |
| مصطلح موضوعي أو اسم جغرافي كعنصر مدخل | المذاهب السياسية |
| 650 ## - المدخل الاضافى بالموضوع-مصطلح موضوعى | |
| 9 (RLIN) | 16253 |
| مصطلح موضوعي أو اسم جغرافي كعنصر مدخل | الماركسية |
| 650 ## - المدخل الاضافى بالموضوع-مصطلح موضوعى | |
| 9 (RLIN) | 13590 |
| مصطلح موضوعي أو اسم جغرافي كعنصر مدخل | الشيوعية |
| 700 ## - المدخل الاضافى - اسم شخصى | |
| 9 (RLIN) | 17155 |
| الإسم الشخصى | شتا ، إبراهيم الدسوقى |
| الدور | مترجم |
| 942 ## - عناصر المدخل الإضافي( كوها) | |
| مصدر التصنيف او مخطط الترفيف | Dewey Decimal Classification |
| Koha [default] item type | Book - Borrowing |
| حالة التراجع | حالة الفقد | مصدر التصنيف او خطة الترفيف | حالة تلف | ليس للاعارة | مجموعات كوها | المكان الدائم | المكان الحالي | موقع الترفيف | تاريخ الاكتساب | Source of acquisition | رقم الاستدعاء | الباركود | Date last seen | نوع الوعاء |
|---|---|---|---|---|---|---|---|---|---|---|---|---|---|---|
| Dewey Decimal Classification | Alef-Baa | Central Library | Central Library | First floor | 23/04/2012 | 320.5 ش ر ي | 000026679 | 15/07/2025 | Book - Borrowing |